| 000 | 00567nam a2200193 i 4500 | ||
|---|---|---|---|
| 001 | 50682 | ||
| 003 | ES-MaACL | ||
| 007 | t| | ||
| 008 | 030806s1958 sp ||||1| spa d | ||
| 100 | 1 |
_aCuñat, Roberto. _942194 |
|
| 245 | 1 | 0 |
_aProductividad y mando en la empresa española / _cRoberto Cuñat. |
| 250 | _a2ª ed. | ||
| 260 |
_aMadrid : _bEuramérica, _c1958 ( _fNebrija) |
||
| 300 |
_a302 p., 34 lám. ; _c18 cm. |
||
| 490 | 1 | _aReforma de la empresa | |
| 830 | 0 |
_aReforma de la empresa _9186615 |
|
| 852 |
_aES-MaACL _jC-7423 _bR.43892 |
||
| 999 |
_c50682 _d50682 |
||